000
00417nam a2200133Ia 4500
008
100328s9999 xx 000 0 und d
082
_b
8483
100
_a
उपाध्याय भगवतशरण
245
_a
भास के नाटक
260
_b
राजपाल अॅन्ड सन्स
630
_a
भास के नाटक
730
_a
भास के नाटक
942
_c
BOOK
999
_c
504258
_d
504255